00959nam a2200241 a 4500001001000000005001700010008004100027020001500068050002300083245007400106260009500180300002300275500004000298500004200338610006300380650005500443650004500498700003300543902000800576942001100584999001500595952010700610BRCA_178320190320203540.0930930s1988 mx-a---##c---#000-0#spa-# a9682921406 4aNE544.4b.M87 198810aMuseo Nacional de la Estampaccompilación de Beatriz Vidal de Alba. aMéxicobSEP : Consejo Nacional de Fomento Educativo : Museo Nacional de la Estampac1988 a95 p.bil.c31 cm. aIncluye índice de autores de obra aColección Sonia Corcuera de Mancera24aMuseo Nacional de la Estampa (México)vCatálogos9556214aImpresiones mexicanasvCatálogosySiglo XX9556314aImpresionesvCatálogoszMéxico955641 aVidal de Alba, Beatriz95565 aDSC 2lcccB c1565d1565 00104070aBRCAbBRCAd2008-06-27l0oNE544.4 .M87 1988pDSC00033r2019-03-22 00:00:00w2019-03-22yB